01574nam a2200361Ia 4500001001200000003000800012006001900020007001500039008004100054010001700095020001800112020002600130040002100156035002100177050002400198082002600222100001800248245017400266260004400440300002300484504005100507533015200558650007500710650006000785650006000845650006000905655002900965700002600994700003001020710001701050856012601067999001901193ebr10364987CaPaEBRm u cr cn|||||||||090813s2010 dcua sb 001 0 eng d z 2009032587 z9780821380956 z9780821380987 (ebook) aCaPaEBRcCaPaEBR a(OCoLC)64990179314aHG5993b.S56 2010eb04a332.67/30820917242221 aSimavi, Sevi.10aGender dimensions of investment climate reformh[electronic resource] :ba guide for policy makers and practitioners /c[by Sevi Simavi, Clare Manuel and Mark Blackden]. aWashington, D.C. :bWorld Bank,cc2010. axx, 236 p. :bill. aIncludes bibliographical references and index. aElectronic reproduction.bPalo Alto, Calif. :cebrary,d2010.nAvailable via World Wide Web.nAccess may be limited to ebrary affiliated libraries. 0aInvestments, ForeignxMoral and ethical aspectszDeveloping countries. 0aWomen-owned business enterpriseszDeveloping countries. 0aSex discrimination against womenzDeveloping countries. 0aSex discrimination in employmentzDeveloping countries. 7aElectronic books.2local1 aManuel, Clare,d1962-1 aBlackden, C. Mark,d1954-2 aebrary, Inc.40uhttp://site.ebrary.com/lib/rucke/Doc?id=10364987zAn electronic book accessible through the World Wide Web; click to view c218839d218839